书目信息 |
| 题名: |
发现乡土景观
|
|
| 作者: | 约翰 · 布林克霍夫· 杰克逊 著 | |
| 分册: | ||
| 出版信息: | 北京 商务印书馆 2019.08 |
|
| 页数: | 228页 | |
| 开本: | 20cm | |
| 丛书名: | ||
| 单 册: | ||
| 中图分类: | P901 | |
| 科图分类: | ||
| 主题词: | 自然地理学--理论 , 自然地理学--方法 | |
| 电子资源: | ||
| ISBN: | 978-7-100-12634-2 | |
| 000 | 00680nam0 2200205 45 | |
| 001 | 2038319180 | |
| 005 | 20201012104032.69 | |
| 010 | @a978-7-100-12634-2@dRMB 26.00 | |
| 100 | @a20201012d2019 km y0chiy0120 ea | |
| 101 | 0 | @achi |
| 102 | @aCN@b110000 | |
| 200 | 1 | @a发现乡土景观@Afa xian xiang tu jing guan@f(美) 约翰 · 布林克霍夫· 杰克逊著@F(mei)yue han·bu lin ke huo fu·jie ke xun zhu |
| 210 | @a北京@c商务印书馆@d2019.08 | |
| 215 | @a228页@d20cm | |
| 606 | 0 | @a自然地理学@x理论 |
| 606 | 0 | @a自然地理学@x方法 |
| 690 | @aP901@v4 | |
| 701 | 0 | @a约翰 · 布林克霍夫· 杰克逊@Ayue han·bu lin ke huo fu·jie ke xun@4著 |
| 801 | 0 | @aCN@bPFT@c20201012 |
| 905 | @a10447@dP901@eY944 | |
| 发现乡土景观/(美) 约翰 · 布林克霍夫· 杰克逊著.-北京:商务印书馆,2019.08 |
| 228页;20cm |
| ISBN 978-7-100-12634-2:RMB 26.00 |
| ● |
| 相关链接 |
|
|
|
正题名:发现乡土景观
索取号:P901/Y944
 
预约/预借
| 序号 | 登录号 | 条形码 | 馆藏地/架位号 | 状态 | 备注 |
| 1 | 1349240 | 213492406 | 建筑与城市规划学院资料室/ [索取号:P901/Y944] |
已借出,限还日期为2021.03.22 借出人:王雪玲 |
|
| 2 | 1349241 | 213492415 | 建筑与城市规划学院资料室/ [索取号:P901/Y944] | 在馆 |